Записки кардиохирурга: о сердце, работе и жизни Научно-популярная литература
Всегда ли оперирующий хирург может предсказать исход сложной операции? Застрахован ли пациент от неприятных сюрпризов и последствий оперативного вмешательства в сердце? Перед вами необыкновенная книга практикующего британского кардиохирурга в которой просто и понятно рассказано об устройстве человеч...
Gespeichert in:
| 1. Verfasser: | |
|---|---|
| Format: | Научно-популярная литература |
| Online Zugang: | https://znanium.com/catalog/document?id=368552 https://znanium.com/cover/1220/1220283.jpg |
| Tags: |
Tag hinzufügen
Keine Tags, Fügen Sie den ersten Tag hinzu!
|
| LEADER | 02663nam0a2200265 i 4500 | ||
|---|---|---|---|
| 001 | RU\infra-m\znanium\bibl\1220283 | ||
| 003 | https://znanium.com/catalog/document?id=368552 | ||
| 005 | 20240402000000.0 | ||
| 010 | |a 978-5-9614-2731-8 | ||
| 100 | |a 20240402d2020 m y0rusy0150 ca | ||
| 101 | 0 | |a rus | |
| 102 | |a RU | ||
| 200 | 1 | |a Записки кардиохирурга: о сердце, работе и жизни |e Научно-популярная литература | |
| 210 | 1 | |a Москва |c ООО "Альпина Паблишер" |d 2020 | |
| 215 | |a 236 с. | ||
| 330 | |a Всегда ли оперирующий хирург может предсказать исход сложной операции? Застрахован ли пациент от неприятных сюрпризов и последствий оперативного вмешательства в сердце? Перед вами необыкновенная книга практикующего британского кардиохирурга в которой просто и понятно рассказано об устройстве человеческого сердца — его силе уязвимости особенностях и о том как сложно его вылечить. Автор делится случаями из практики в которой было немало выдающихся побед досадных промахов и озарений. Опираясь на свой многолетний опыт и данные современных исследований сердечно-сосудистой системы и методов ее лечения Самер Нашеф пишет о том как сделать наши сердца сильнее и выносливее риск хирургического вмешательства — ниже а помощь специалистов — эффективнее. | ||
| 333 | |a ВО - Магистратура | ||
| 606 | |a Медицина. Фармакология |x Основы медицинских знаний |2 local | ||
| 608 | |a Научно-популярная литература |2 local | ||
| 675 | |a 6161 |z rus | ||
| 686 | |a 5410 |2 rubbk | ||
| 700 | 1 | |a Нашеф |b С. |g Самер | |
| 801 | 0 | |a RU |b Общество с ограниченной ответственностью «ЗНАНИУМ» |c 20201109 |2 rusmarc | |
| 856 | 4 | |a znanium.com |m ebs_support@infra-m.ru |n НИЦ ИНФРА-М |u https://znanium.com/catalog/document?id=368552 | |
| 856 | 4 | 1 | |a znanium.com |d /cover/1220 |f 1220283.jpg |q image/jpeg |u https://znanium.com/cover/1220/1220283.jpg |